NBA 2k21 all-time Memphis Grizzlies - Statistics

General Stats
  • This quiz has been taken 153 times
  • The average score is 9 of 16
Answer Stats
Overall Player % Correct
93 Marc Gasol
93%
93 Pau Gasol
93%
83 Ja Morant
91%
88 Mike Conley
84%
89 Zach Randolph
79%
83 Jaren Jackson Jr.
67%
85 Tony Allen
60%
86 Shareef Abdur-Rahim
49%
83 Rudy Gay
47%
84 Jason Williams
40%
86 Mike Bibby
39%
82 Mike Miller
39%
85 Shane Battier
35%
84 Bryant Reeves
28%
81 Greg Anthony
14%
80 James Posey
7%
No matching quizzes found
Score Distribution
Percent of People with Each Score
Percentile by Number Answered
Your Score History
You have not taken this quiz